| 000 | 02051nam0a2200373 4500 | ||
|---|---|---|---|
| 001 | RU\NLR\bibl\2057379 | ||
| 005 | 20260408111259.0 | ||
| 010 |
_a978-5-7996-0807-1 _9500 |
||
| 021 |
_aRU _b2013-51866 _93599 |
||
| 021 |
_aRU _b2013-67486 _94622 |
||
| 035 | _a(NLR Aleph) 002044215 | ||
| 090 |
_a4610636 _c4610636 |
||
| 100 | _a20131026d2012 |||y0rusy50 ca | ||
| 101 | 0 |
_arus _aeng |
|
| 102 | _aRU | ||
| 105 | _aa|||||||||||| | ||
| 200 | 1 |
_a2 Уральская индустриальная биеннале современного искусства _d2nd Ural industrial biennial of contemporary art _eдайджест интеллектуальной платформы _f[ред.: Алиса Прудникова и др.] _zeng |
|
| 210 |
_aЕкатеринбург _cУральский филиал Государственного центра современного искусства _d2012 |
||
| 215 |
_a163 с. _cил. _d29 |
||
| 300 | _aНа 3-й с. в надзаг.: М-во культуры Рос. Федерации, Гос. центр соврем. искусства (ГЦСИ), Урал. фил. | ||
| 300 | _aТекст парал. на рус. и англ. яз. | ||
| 320 | _aБиблиогр. в подстроч. примеч. | ||
| 510 | 1 |
_6z01791 _a2nd Ural industrial biennial of contemporary art _edigest of intellectual platform _zeng |
|
| 606 | 1 |
_aИскусство _xВыставки _yЕкатеринбург, город _z21 в. _z2012 _92206907 _3RU\NLR\AUTH\6601560238 |
|
| 686 | 1 | _aЩ03(0)6 | |
| 702 | 1 |
_aПрудникова _bА. _gАлиса _4340 |
|
| 710 | 1 | 2 |
_4570 _aУральская индустриальная биеннале современного искусства _d2 _f2012 _eЕкатеринбург _3RU\NLR\AUTH\8810248195 _9381918 |
| 791 | 1 | 2 |
_8eng _aUral industrial biennial of contemporary art _d2 _f2012 _eEkaterinburg _7ba _3RU\NLR\AUTH\8810248196 _9381920 |
| 801 | 0 |
_aRU _bNLR _c20130726 _gRCR |
|
| 801 | 1 |
_aRU _bNLR _c20130726 |
|
| 942 | _cBOOK | ||
| 980 | _aNB | ||